Score 0/22 Timer 04:00
0 Plays Today
Clue 5-Letter Word % Correct
Many phone conversations start with this wordHELLO
96.2%
String instrument in a C.P.E. Bach quartet♪ CELLO ♪
95.7%
Places on a spreadsheet, or in a prisonCELLS
95.3%
What she does to sea shells by the sea shoreSELLS
95%
Sitting placesSEATS
93.3%
They might be fur, elephant, or NavySEALS
92.4%
Keyboard instrument in a C.P.E. Bach quartet♪ PIANO ♪
89%
It's nice to start with a clean oneSLATE
88.6%
A flying machine, or a woodworking toolPLANE
87.1%
They turn when you close the blindsSLATS
86.3%
String instrument in a C.P.E. Bach quartet♪ VIOLA ♪
85.7%
Clue 5-Letter Word % Correct
Type of armor, or a dinner dishPLATE
84.8%
Texas city 20 miles north of DallasPLANO
83.4%
Wind instrument in a C.P.E. Bach quartet♪ FLUTE ♪
82.9%
Half a whale's tail, or a crazy coincidenceFLUKE
75.9%
Unreliable person, or a bit of cereal foodFLAKE
75.6%
QuenchSLAKE
72.6%
Slang adverb meaning 'very'HELLA
70.5%
Large country estate, or footballer DavidVILLA
70.4%
Fill with joyELATE
66.5%
Andorra la _____VELLA
65.8%
Remove or extract using a solventELUTE
58.8%

Today's Daily Dose

Missing Word
'T' Pairs

Word Ladder
Game Pieces

Get the Picture
Baseball Movies

Remove Ads.
Support Sporcle.
Get the best of Sporcle when you Go Orange. This ad-free experience offers more features, more stats, and more fun while also helping to support Sporcle. Thank you for becoming a member.

You're not logged in!

Compare scores with friends on all Sporcle quizzes.
OR
Log In

Show Comments

Extras

Top Quizzes Today


Score Distribution

Your Account Isn't Verified!

In order to create a playlist on Sporcle, you need to verify the email address you used during registration. Go to your Sporcle Settings to finish the process.

Report this User

Report this user for behavior that violates our Community Guidelines.

Details: